<?xml version="1.0" encoding="UTF-8"?><?xml-stylesheet type="text/xsl" href="static/style.xsl"?><OAI-PMH xmlns="http://www.openarchives.org/OAI/2.0/" xmlns:xsi="http://www.w3.org/2001/XMLSchema-instance" xsi:schemaLocation="http://www.openarchives.org/OAI/2.0/ http://www.openarchives.org/OAI/2.0/OAI-PMH.xsd"><responseDate>2026-04-28T19:51:27Z</responseDate><request verb="GetRecord" identifier="oai:uvadoc.uva.es:10324/82154" metadataPrefix="marc">https://uvadoc.uva.es/oai/request</request><GetRecord><record><header><identifier>oai:uvadoc.uva.es:10324/82154</identifier><datestamp>2026-03-03T10:06:45Z</datestamp><setSpec>com_10324_1164</setSpec><setSpec>com_10324_931</setSpec><setSpec>com_10324_894</setSpec><setSpec>col_10324_1331</setSpec></header><metadata><record xmlns="http://www.loc.gov/MARC21/slim" xmlns:doc="http://www.lyncode.com/xoai" xmlns:xsi="http://www.w3.org/2001/XMLSchema-instance" xmlns:dcterms="http://purl.org/dc/terms/" xsi:schemaLocation="http://www.loc.gov/MARC21/slim http://www.loc.gov/standards/marcxml/schema/MARC21slim.xsd">
<leader>00925njm 22002777a 4500</leader>
<datafield tag="042" ind1=" " ind2=" ">
<subfield code="a">dc</subfield>
</datafield>
<datafield tag="720" ind1=" " ind2=" ">
<subfield code="a">Martínez Martínez, María del Carmen</subfield>
<subfield code="e">author</subfield>
</datafield>
<datafield tag="260" ind1=" " ind2=" ">
<subfield code="c">2025</subfield>
</datafield>
<datafield tag="520" ind1=" " ind2=" ">
<subfield code="a">Entre los hombres de fortuna en la Nueva España siempre se incluye a Hernando (Hernán) Cortés. De sus acciones dan cuenta sus escritos y los de cronistas e historiadores. De la fortuna que alcanzó en la Nueva España son testimonio documental los inventarios de sus bienes. En este trabajo, partiendo de la localización y consulta de los inventarios de la contaduría del marquesado del Valle, se rastrean los inventarios de bienes realizados después de la muerte de Cortés. De esta manera, al único inventario conocido hasta la fecha, el realizado en Cuernavaca y sus inmediaciones en 1549, se suman los que ese mismo año se hicieron en la ciudad de México y en las minas de Taxco y Sultepec, aunque sin duda fueron más, como se deduce de los inventarios de los papeles de la contaduría.</subfield>
</datafield>
<datafield tag="024" ind2=" " ind1="8">
<subfield code="a">María Luisa Alvitez Diez, Juan Matas Caballero y María del Carmen Rodríguez López (eds.). Alegorías y representaciones en el mundo hispánico. Salamanca: Universidad de Slamanca, 2025, p. 241-264.</subfield>
</datafield>
<datafield tag="024" ind2=" " ind1="8">
<subfield code="a">978-84-1091-069-0</subfield>
</datafield>
<datafield tag="024" ind2=" " ind1="8">
<subfield code="a">https://uvadoc.uva.es/handle/10324/82154</subfield>
</datafield>
<datafield tag="024" ind2=" " ind1="8">
<subfield code="a">https://doi.org/10.14201/0AQ0378</subfield>
</datafield>
<datafield tag="024" ind2=" " ind1="8">
<subfield code="a">241</subfield>
</datafield>
<datafield tag="024" ind2=" " ind1="8">
<subfield code="a">264</subfield>
</datafield>
<datafield tag="024" ind2=" " ind1="8">
<subfield code="a">Alegorías y representaciones en el mundo hispánico</subfield>
</datafield>
<datafield tag="245" ind1="0" ind2="0">
<subfield code="a">Los inventarios de bienes de Hernando Cortés</subfield>
</datafield>
</record></metadata></record></GetRecord></OAI-PMH>